| Tag |
First Indicator |
Second Indicator |
Subfields |
| LEADER |
00000cam a2200000 i 4500 |
| 001 |
in00004085605 |
| 005 |
20211120102904.0 |
| 006 |
m o d f |
| 007 |
cr cn||||||||| |
| 008 |
180809s2018 dcua of f000 0 eng c |
| 035 |
|
|
|a (OCoLC)on1048261941
|
| 042 |
|
|
|a pcc
|
| 043 |
|
|
|a n-us---
|
| 040 |
|
|
|a ELC
|b eng
|e rda
|e pn
|c ELC
|d GPO
|d MvI
|
| 049 |
|
|
|a WWW
|
| 074 |
|
|
|a 0484-E-03 (online)
|
| 086 |
0 |
|
|a EP 6.58:SM 2/2018
|
| 088 |
|
|
|a EPA 420-B-18-018
|
| 245 |
0 |
0 |
|a SmartWay graphic standards & usage guide /
|c U.S. EPA Smartway.
|
| 246 |
3 |
|
|a SmartWay graphic standards and usage guide
|
| 264 |
|
1 |
|a [Washington, D.C.] :
|b U.S. EPA Smartway,
|c [2018]
|
| 300 |
|
|
|a 1 online resource (31 pages) :
|b color illustrations
|
| 336 |
|
|
|a text
|b txt
|2 rdacontent
|
| 337 |
|
|
|a computer
|b c
|2 rdamedia
|
| 338 |
|
|
|a online resource
|b cr
|2 rdacarrier
|
| 500 |
|
|
|a "EPA-420-B-18-018."
|
| 588 |
|
|
|a Description based on online resource, PDF version; title from cover (EPA, viewed August 7, 2019).
|
| 610 |
2 |
0 |
|a SmartWay Transport Partnership Program (U.S.)
|x Marketing
|v Handbooks, manuals, etc.
|
| 610 |
2 |
7 |
|a SmartWay Transport Partnership Program (U.S.)
|2 fast
|0 (OCoLC)fst01916968
|
| 650 |
|
0 |
|a Greenhouse gas mitigation
|x Government policy
|z United States.
|
| 650 |
|
7 |
|a Greenhouse gas mitigation
|x Government policy.
|2 fast
|0 (OCoLC)fst01425447
|
| 650 |
|
7 |
|a Marketing.
|2 fast
|0 (OCoLC)fst01010167
|
| 651 |
|
7 |
|a United States.
|2 fast
|0 (OCoLC)fst01204155
|
| 655 |
|
7 |
|a Handbooks and manuals.
|2 lcgft
|
| 710 |
1 |
|
|a United States.
|b Environmental Protection Agency,
|e issuing body.
|
| 710 |
2 |
|
|a SmartWay Transport Partnership Program (U.S.),
|e issuing body.
|
| 856 |
4 |
0 |
|u https://purl.fdlp.gov/GPO/gpo124272
|t 0
|
| 999 |
f |
f |
|s 53b25a82-bb6f-33ff-8d06-0368cb56c22c
|i 1072ca3b-d285-3646-babc-b259ad5c7b0d
|t 0
|
| 952 |
f |
f |
|a Texas A&M University
|b College Station
|c Electronic Resources
|d Available Online
|t 0
|e EP 6.58:SM 2/2018
|h Superintendent of Documents classification
|
| 998 |
f |
f |
|a EP 6.58:SM 2/2018
|t 0
|l Available Online
|